You can't cheat Death (Slideshow) Quiz Stats

Quiz not verified by Sporcle

Challenge
Share
Tweet
Score 0/17 Timer 08:00
0 Plays Today
% Correct
South Park
97.3%
Family Guy
74.5%
Meet Joe Black
60.6%
The Sims 3
59.6%
Charmed
42.8%
The Seventh Seal
39.9%
X-Men Animated Series
34.8%
The Grim Adventures of Billy & Mandy
30.1%
World of Warcraft
28.7%
% Correct
American Horror Story: Asylum
25%
Monty Python's The Meaning of Life
22.3%
Harry Potter and the Deathly Hallows: Part 1
21.5%
Supernatural
18.6%
The Twilight Zone (1959)
15.4%
Darksiders II
10.4%
Soul Eater
5.3%
Death Takes A Holiday
2.4%

You're not logged in!

Compare scores with friends on all Sporcle quizzes.
Sign Up with Email
OR
Log In

You Might Also Like...

Show Comments

Extras

Curator's Pick Sep 20, 2015ReportNominate
Tags:Show Quiz, cant, cheat, death, Slideshow

Top Quizzes Today


Score Distribution

Your Account Isn't Verified!

In order to create a playlist on Sporcle, you need to verify the email address you used during registration. Go to your Sporcle Settings to finish the process.